| 000 | 00461nam a22001817a 4500 | ||
|---|---|---|---|
| 005 | 20251010115137.0 | ||
| 008 | 251008b |||||||| |||| 00| 0 eng d | ||
| 020 | _a978-81-7956-159-1 | ||
| 041 | _aeng | ||
| 082 | _a622.068KAK-S | ||
| 100 |
_aKAKU, L C _93781 |
||
| 245 | _aA STUDY OF MINE MANAGEMENT, LEGISLATION & GENERAL SAFETY | ||
| 250 | _aREV ED. [2022] | ||
| 260 |
_aDHANBAD _bLOVELY PRAKASHAN |
||
| 300 | _a622;P | ||
| 650 | _aMINING | ||
| 942 | _cBK | ||
| 999 |
_c8894 _d8892 |
||